| 000 -LEADER |
| fixed length control field |
00650nam a22002057a 4500 |
| 008 - FIXED-LENGTH DATA ELEMENTS--GENERAL INFORMATION |
| fixed length control field |
150520b xxu||||| |||| 00| 0 eng d |
| 020 ## - INTERNATIONAL STANDARD BOOK NUMBER |
| International Standard Book Number |
0131418831 (v. 1 : alk. paper) |
| 020 ## - INTERNATIONAL STANDARD BOOK NUMBER |
| International Standard Book Number |
0131418815 (v. 2) |
| 020 ## - INTERNATIONAL STANDARD BOOK NUMBER |
| International Standard Book Number |
0131418823 (v. 3) |
| 041 0# - LANGUAGE CODE |
| Language code of text/sound track or separate title |
eng |
| 080 ## - UNIVERSAL DECIMAL CLASSIFICATION NUMBER |
| Universal Decimal Classification number |
53 |
| 100 ## - Rafti |
| Rafti |
Fishbane, Paul M. |
| 245 00 - TITLE STATEMENT |
| Title |
Physics for scientists and engineers / |
| Statement of responsibility, etc |
Paul M. Fishbane, Stephen G. Gasiorowicz, Stephen T. Thornton. |
| 260 ## - |
| -- |
Upper Saddle River, N.J. : |
| -- |
Pearson Prentice Hall, |
| -- |
c2005. |
| 300 ## - |
| -- |
3 volume |
| -- |
me il. ; |
| -- |
28 cm |
| 650 #0 - |
| -- |
Fizika |
| 700 1# - |
| -- |
Gasiorowicz, Stephen. |
| 700 1# - |
| -- |
Thornton, Stephen T. |
| 942 ## - ADDED ENTRY ELEMENTS (KOHA) |
| Source of classification or shelving scheme |
|
| Item type |
Books |